Statistics for Arabian Gulf league clubs

Click here to take the quiz!

General Stats

  • This quiz has been taken 17 times
    (7 since last reset)
  • The average score is 8 of 12

Answer Stats

Answer% Correct
AlAin
86%
Ajman fc
71%
AlJazira
71%
AlNasr
71%
AlWahda
71%
Shabab AlAhli Dubai
71%
Sharjah fc
71%
AlDhafra
57%
AlWasl
57%
Dibba AlFujairah
57%
Emirates club
57%
Hatta
57%

Score Distribution

Percentile by Number Answered

Percent of People with Each Score

Your Score History

You have not taken this quiz since the last reset